À Descoberta do Universo (Registo nº 760)

Detalhes MARC
000 -Etiqueta do registo
Cabeçalho 00679nam0a22002891 4500
005 - Identificador da versão
Campo de controlo 20240813121814.0
010 ## - Número internacional normalizado dos livros (ISBN)
Número (ISBN) 9722224018
021 ## - Número do Depósito Legal
Código do país PT
Número 223 451/05
035 ## - Other System Control Numbers
System Control Number 0000830
System Control Number 0000825
System Control Number 0000818
System Control Number 0000806
100 ## - Dados gerais de processamento
Dados gerais de processamento 20080110d2005 a e0pory5003 ba
102 ## - Pais de publicação ou produção
País de publicação Portugal
101 1# - Língua de publicação
Língua do texto, banda sonora, etc. Português
Língua do documento no original Alemão
106 ## - Campo de dados codificados: material textual
Dados codificados do material textual r
105 ## - Campo de dados codificados: livros
Dados codificados dos livros a z 001yy
215 ## - Descrição física 
Indicação específica da natureza do documento e extensão da espécie 16 p.
Dimensões cm
200 1# - Titulo e menção de responsabilidade
Título próprio À Descoberta do Universo
Primeira menção de responsabilidade Andrea Erne
Outras menções de responsabilidade trad. Mercedes Silveira
205 ## - Menção da edição
Menção da edição 1ª ed.
210 ## - Publicação, Distribuição, etc. 
Lugar da edição, distribuição, etc. Lisboa
Nome do editor, distribuidor, etc. Editorial Verbo
Data da publicação, distribuição, etc. 2005
702 #1 - Nome de autor-pessoa física (responsabilidade secundária)
Número de registo de entrada de autoridade 0001062
Código de função Tradutor
701 #1 - Nome de autor-pessoa física (co-responsabilidade principal)
Código de função Tradutor
942 ## - Elementos de entrada adicionados (Koha)
Tipo de item no Koha Livro
Exemplares
Situação do levantamento Origin of item (home branch) (coded) Biblioteca de empréstimo Código de barras Circulation type (not for loan) Tipo de documento Nota do exemplar Damaged status
  Biblioteca Escolar Eng. Nuno Mergulhão Biblioteca Escolar Eng. Nuno Mergulhão BENM1438   Livro Sem mensagem